General Knowledge 10 - Statistics

General Stats
  • This quiz has been taken 57 times
  • The average score is 5 of 10
Answer Stats
No. Question Answer % Correct
7 Who sang "Thriller"? Michael Jackson
93%
9 What alcoholic beverage is made from fermented grapes? Wine
89%
5 Which animated film features the song "Let It Go"? Frozen
75%
2 What was the name of the treaty that ended World War I? Treaty of Versailles
58%
6 Which country hosted the 2016 Summer Olympics? Brazil
55%
3 What is the study of earthquakes called? Seismology
51%
8 What does "RAM" stand for? Random Access Memory
44%
1 Which country has the most islands in the world? Sweden
36%
10 What does the "B" stand for in "K-pop"? Bangtan
4%
4 What is the name of the magical wardrobe in "The Chronicles of Narnia"? The Wardrobe
4%
No matching quizzes found
Score Distribution
Percent of People with Each Score
Percentile by Number Answered
Your Score History
You have not taken this quiz